History Quiz

Random History or Letter Quiz

Presidential ABC Blitz Quiz Stats

 Plays Quiz Updated Aug 28, 2017

Challenge
Share
Tweet
Embed
Score 0/26 Timer 01:30
5 Plays Today
Letter Presidential Last Name % Correct
C???
94.3%
A???
93.9%
B???
86.7%
J???
83.8%
H???
82.8%
E???
79.2%
G???
75.7%
O???
74.4%
F???
71.2%
M???
70.4%
R???
68.5%
T???
67.7%
L???
66.1%
Letter Presidential Last Name % Correct
N???
64.5%
P???
62.9%
K???
61.3%
Q???
60.8%
I???
60.5%
W???
59.4%
D???
55%
X???
51.4%
Z???
48.2%
Y???
47.5%
U???
47.3%
V???
39.2%
S???
36.4%

You're not logged in!

Compare scores with friends on all Sporcle quizzes.
OR
Log In

You Might Also Like...

Show Comments

Extras

Top Quizzes Today


Score Distribution

Your Account Isn't Verified!

In order to create a playlist on Sporcle, you need to verify the email address you used during registration. Go to your Sporcle Settings to finish the process.

Report this User

Report this user for behavior that violates our Community Guidelines.

Details: